000 00390nam a2200157Ia 4500
008 230917s9999||||xx |||||||||||||| ||und||
040 _e196957
_aMAIN
041 _aEnglish
082 _a658.3 P274H
100 _aPattanayak, Biswajeet
245 0 _aHuman resource management
250 _a3rd ed.
260 _aNew Delhi
_bPrentice Hall
_c2006
300 _axvii, 484 p.
942 _cBK
999 _c139669
_d139669